Start-up and spin-off firms in the Bratislava region in relation to the European cohesion policy 2014-2020
Pôsobenie start-upov z geografického hľadiska. Porovnanie vlastností start-upov vo Viedni a Bratislave. Podpora start-upov a spin-off podnikov v EÚ a na Slovensku.
Na minha lista:
| Autor principal: | |
|---|---|
| Formato: | Capítulo de Livro |
| Idioma: | inglês |
| Assuntos: | |
| Tags: |
Sem tags, seja o primeiro a adicionar uma tag!
|
MARC
| LEADER | 00000naa$a2200000$$$4500 | ||
|---|---|---|---|
| 001 | 0208928 | ||
| 005 | 20240502073454.2 | ||
| 041 | 0 | |a eng | |
| 044 | |a SK | ||
| 245 | 1 | 0 | |a Start-up and spin-off firms in the Bratislava region in relation to the European cohesion policy 2014-2020 |c Rudolf Pástor |
| 520 | |a Pôsobenie start-upov z geografického hľadiska. Porovnanie vlastností start-upov vo Viedni a Bratislave. Podpora start-upov a spin-off podnikov v EÚ a na Slovensku. | ||
| 610 | 2 | 0 | |a inovácia |
| 610 | 2 | 0 | |a start-up |
| 610 | 2 | 0 | |a metóda spin-off |
| 610 | 2 | 0 | |a podpora podnikania |
| 100 | 1 | |a Pástor, Rudolf | |